Agriculture et alimentation : Rapport de la commission

Đã lưu trong:
書目詳細資料
格式: 圖書
語言:Undetermined
出版: Paris La Documentation Francaise 1976
主題:
標簽: 添加標簽
沒有標簽, 成為第一個標記此記錄!
Thư viện lưu trữ: Trung tâm Học liệu Trường Đại học Cần Thơ
LEADER 00515nam a2200181Ia 4500
001 CTU_77444
008 210402s9999 xx 000 0 und d
082 |a 338.1 
082 |b A278 
245 0 |a Agriculture et alimentation : 
245 0 |b Rapport de la commission 
260 |a Paris 
260 |b La Documentation Francaise 
260 |c 1976 
650 |a Agriculture and state,Food supply 
650 |x Government policy 
904 |i Trọng Hải 
980 |a Trung tâm Học liệu Trường Đại học Cần Thơ